000 00437nam a2200181 a 4500
001 1774865107990
003 YourLibrary
005 20260330153907.0
008 260330s2019##################000#0#eng##
020 _a9780415498432
082 0 4 _a355.54
_bIIS.51
100 1 _aRoutledge,
_eauthor.
245 1 0 _aSurvival, 51. 6 :
260 _c2019.
650 0 _aHistory.
942 _cENGLISH
040 _aYourLibrary
_beng
_cYourLibrary
999 _c618404
_d618404